Statistics for Most Used Websites in the US

Click here to take the quiz!

General Stats

  • This quiz has been taken 42 times
  • The average score is 8 of 15

Answer Stats

Number of VisitsWebsite% Correct
18.53BGoogle
97%
3.93BFacebook
87%
905.88MInstagram
82%
4.06BYoutube
76%
3.38BAmazon
71%
984.86MTwitter
71%
1.84BYahoo
58%
1.25BPornhub
55%
1.28BReddit
55%
3.10BWikipedia
50%
897.53MEbay
45%
753.48MCNN
32%
565.10MWalmart
16%
760.94MXVideos
16%
635.06MFandom
0%

Score Distribution

Percentile by Number Answered

Percent of People with Each Score

Your Score History

You have not taken this quiz